Spell the Marvel Character #397 - Statistics

General Stats
  • This quiz has been taken 14 times
  • The average score is 8 of 11
Answer Stats
Picture Answer % Correct
Scarlet Witch
100%
Thor (Jane Foster)
100%
Arana
92%
Korg
92%
Echo
83%
Elsa Bloodstone
83%
American Dream
75%
Rockslide
67%
Night Thrasher
58%
Water Snake
58%
Wasabi-No-Ginger
25%
No matching quizzes found
Score Distribution
Percent of People with Each Score
Percentile by Number Answered
Your Score History
You have not taken this quiz